MDQL
is popping MORE tags! Check the
thread
!
Quizzes
Events
Quiz Creation
Community
Videos
Private Events
Remove Ads
Sign In
Join for FREE
Feedback
Dark Mode
Quiz Categories
Sports
Geography
Music
Movies
Television
Just For Fun
Miscellaneous
History
Literature
Language
Science
Gaming
Entertainment
Religion
Holiday
For Kids
Quiz Lab
Recent
Popular Today
Quiz Kudos Today
Editor Picks
Curator Picks
Quizzes by...
Day
Popularity
Type
Ratings
Length
Year
Community
Subscriptions
Recent Discussions
Orange Saloon
Badges
Playlists
Quests
Create
Leaderboards
Showdown
Live 5
Trivia Bingo
Activity
Puzzle Library
Sporcle Events
Private Events
Virtual Trivia
Globe League
Become a Host
Pub Owners
SporcleCon
Opinionation
Our Games
Videos
Blog
Mobile Apps
Partnerships
Remove Ads and Go Orange
Feedback
Sports
Athletes
MLB
NBA
NHL
NFL
Soccer
Sports Teams
WWE
NCAA
Football
Premier League
Basketball
Baseball
Hockey
Golf
Tennis
Cricket
Rugby
Auto Racing
Olympics
World Cup
Sports
Athletes
MLB
NBA
NHL
NFL
Soccer
Sports Teams
WWE
NCAA
Football
Premier League
Basketball
Baseball
Hockey
Golf
Tennis
Cricket
Rugby
Auto Racing
Olympics
World Cup
Random Quiz
Search Sporcle
×
Quiz Lab
Quiz Lab
Sports
Fielder
Type in answers that appear in a list
Type in answers that appear in a list
Classic
Best Score? Go Orange.
Chicago Cubs Opening Day Center Fielders Stats
Can you name the Chicago Cubs' opening day center fielders from 1984 to present?
By
TuvocMayComeHome
7m
34 Questions
583 Plays
583 Plays
583 Plays
Comments
Comments
Give Quiz Kudos
Give Quiz Kudos
-
- Ratings
hide this ad
Replay
Link that replays current quiz
Next Quiz
Link to next quiz in quiz playlist
You Got
0%
They Got
Avg Score
42%
Avg Friend Score
Upgrade to see
Score Distribution
Jump to the score distribution portion of the page
Score
0/34
Timer
07:00
0
Plays Today
year
player
% Correct
2015
Dexter Fowler
93.4%
2016
Dexter Fowler
93.4%
2017
Jason Heyward
82%
2009
Kosuke Fukudome
76.3%
2005
Corey Patterson
71.9%
2003
Corey Patterson
71.9%
2002
Corey Patterson
71.9%
2008
Felix Pie
70.7%
1999
Lance Johnson
66.7%
1998
Lance Johnson
66.7%
1991
Jerome Walton
62.4%
1990
Jerome Walton
62.4%
1989
Jerome Walton
62.4%
2010
Marlon Byrd
61.5%
2011
Marlon Byrd
61.5%
2007
Alfonso Soriano
59.2%
1987
Bob Dernier
55.9%
year
player
% Correct
1986
Bob Dernier
55.9%
1985
Bob Dernier
55.9%
1984
Bob Dernier
55.9%
2012
Marlon Byrd
55.7%
1992
Sammy Sosa
51.1%
2006
Juan Pierre
49.2%
1997
Brian McRae
45.3%
1996
Brian McRae
45.3%
1995
Brian McRae
45.3%
2013
David DeJesus
42.6%
1994
Tuffy Rhodes
42.5%
1993
Willie Wilson
27.8%
2001
Damon Buford
27.6%
2000
Damon Buford
27.6%
1988
Dave Martinez
25.9%
2014
Emilio Bonifacio
18%
2004
Tom Goodwin
10.8%
Quiz Playlist
Details
Report
Send in Message
Add To Playlist
Classic:
Type in answers that appear in a list
Quiz Source
Last Updated: May 2, 2017
Quiz Scoreboard
CHALLENGE
Sign Up to Join the Scoreboard
Show All
Scores
Hide
Comments
May contain spoilers
Recently Published
5x2 Blitz: Bands
by SL_Kpop136
Music
30s
Colored Red Africa Blitz
by spor1
Geography
30s
Find the 'City' Movie
by crazypaving
Movies
60s
More to Explore
Quiz From the Vault
Featured Blog Post
14 Easter Pick-up Lines to Find Eggs With
hide this ad
You Might Also Like...
Tags
1984
Center
chicago
Chicago Cubs
Fielder
Player
present
Today's Top Quizzes in Sports
Browse Sports
hide this ad
Today's Top Quizzes in Fielder
Browse Fielder
Top Contributed Quizzes in Sports
1
Players with Multiple 50 Home Run Seasons
2
Who Needs Fielders?
3
Criteria MLB: Left Handed Sluggers
4
MLB Players with Two .350 Batting Average Seasons
5
Who Hit More Homers?
6
2020 F1 Drivers Logic Puzzle
7
NBA Teammate Connections
8
Premier League Clubs since 2000 (minefield)
9
MLB Teams by First Game
10
Top 10 NHL Goal Scorers of All Time
Explore More
Trending Topics
Crossword
Disney
Anime
Kpop
Marvel
Harry Potter
NBA
Soccer
Pokémon
NFL
Country
Puzzle
WWE
The Office
Song
hide this ad
More By:
TuvocMayComeHome
Quiz
Plays
Rating
Category
Featured
Created
Chicago Cubs 2000s Home Run Leaders
4,585
4.31
Sports
Oct 7, 2009
Montreal Expos All-Time Home Run Leaders
1,546
4.33
Sports
Oct 3, 2009
Chicago Cubs Win Leaders in the 2000s
930
4.75
Sports
Oct 7, 2009
Chicago Cubs Catchers
843
4.40
Sports
Oct 16, 2009
Chicago Cubs Opening Day Center Fielders
583
3.50
Sports
Sep 22, 2009
Go to Creator's Profile
Score Distribution
Quiz Creator Spotlight
TuvocMayComeHome
Follow
Send a Message
Quizzes Created
-
Created Quiz Play Count
-
More By This Creator
Popular Quizzes Today
1
5x2 Blitz: Bands
2
Find the 'City' Movie
3
Find the US States - No Outlines Minefield
4
Colored Red Africa Blitz
5
The Countries of the World
6
Find the US States
7
9x9 Crossword: Cartoon Network
8
Risky Map Clicking: Biggest States A-Z
More Sports Quizzes
IPL winning XIs
Quiz Lab
Trending Quizzes
Colored Red Africa Blitz II
Colored Red Europe Blitz I
Find the 'Dark' Movie
Find the 'Day' Movie
Find the 'Good' Movie
Recently Updated
Champions League XIs: Real Madrid
pecheneg
Largest US Cities 1790-2010
pecheneg
Rides in Walt Disney World
pecheneg
Most Oscar Losses (Acting)
pecheneg
Beyoncé Albums
pecheneg
Leaping Animals
pecheneg
Reality TV Shows (A-Z)
bhenderson79
Rickey Henderson's Hall of Fame Teammates
pecheneg
Champions League XIs: Arsenal
pecheneg
Quick Pick: Celebrities in WWE's Hall of Fame
aduchscher
Trending Topics
Crossword
NBA
Anime
Disney
Harry Potter
Marvel
Kpop
Pokémon
Country
Puzzle
NFL
Song
WWE
The Office
Soccer
Your Account Isn't Verified!
In order to create a playlist on Sporcle, you need to verify the email address you used during registration. Go to your
Sporcle Settings
to finish the process.
Report this User
Report this user for behavior that violates our
Community Guidelines
.
Details:
Send Report
Go to the Sporcle.com Mobile Site →
Comments